Quan điểm của đảng, chính sách của nhà nước về vấn đề gia đình và gia đình hạnh phúc từ đổi mới đến nay /

Đã lưu trong:
書目詳細資料
主要作者: Trần Tuyết Ánh.
格式: Bài viết
語言:Vietnamese
主題:
標簽: 添加標簽
沒有標簽, 成為第一個標記此記錄!
Thư viện lưu trữ: Thư viện Trường Đại học Đà Lạt
LEADER 00867nam a2200265 4500
001 DLU210195824
005 ##20210311
040 # # |a DLU  |b vie 
041 # # |a vie 
044 # # |a vn 
100 # # |a Trần Tuyết Ánh. 
245 # # |a Quan điểm của đảng, chính sách của nhà nước về vấn đề gia đình và gia đình hạnh phúc từ đổi mới đến nay /  |c Trần Tuyết Ánh. 
653 # # |a Chính sách phát triển 
653 # # |a Gia đình 
653 # # |a Truyền thống văn hóa 
773 # # |t Nghiên cứu gia đình và giới  |g Số 6, 2019, tr. 15-25 
920 # # |a Phòng Tạp chí -- Trung tâm Thông tin - Thư viện Trường Đại học Đà Lạt 
994 # # |a DLU 
900 # # |a True 
911 # # |a Hoàng Thị Huyền 
925 # # |a G 
926 # # |a A 
927 # # |a BB 
980 # # |a Thư viện Trường Đại học Đà Lạt